Normal view
MARC view
- Naim, Moises
Entry Personal Name
001 - CONTROL NUMBER
- control field: 14528
003 - CONTROL NUMBER IDENTIFIER
- control field: OSt
005 - DATE AND TIME OF LATEST TRANSACTION
- control field: 20160912141755.0
008 - FIXED-LENGTH DATA ELEMENTS
- fixed length control field: 160912|| aca||aabn | a|a d
040 ## - CATALOGING SOURCE
- Original cataloging agency: OSt
100 ## - HEADING--PERSONAL NAME
- Personal name: Naim, Moises
- Relator term: Author
